Carte topologique des départements Français, version extrême - Statistiques

Statistiques générales
  • Ce quiz a été pris 612 fois
    562 depuis la dernière actualisation
  • Le résultat moyen est 61 sur 94
Réponses sur la Carte
Les réponses sont colorées sur une échelle allant du rouge au vert en fonction du pourcentage des utilisateurs qui les ont devinées à leur premier essai. Vous pouvez retrouver ces pourcentages ci-dessous.
 
Statistiques - réponses
Réponse % Correct
Paris
83%
Seine-Saint-Denis
76%
Charente-Maritime
75%
Finistère
75%
Nord
73%
Pas-de-Calais
73%
Val-de-Marne
73%
Alpes-Maritimes
72%
Gironde
72%
Hauts-de-Seine
72%
Morbihan
72%
Oise
72%
Somme
72%
Val-d'Oise
72%
Yvelines
72%
Côtes-d'Armor
71%
Haut-Rhin
71%
Loire-Atlantique
71%
Seine-et-Marne
71%
Seine-Maritime
71%
Bas-Rhin
70%
Essonne
70%
Ille-et-Vilaine
70%
Landes
70%
Manche
70%
Pyrénées-Atlantiques
70%
Vendée
70%
Bouches-du-Rhône
69%
Calvados
69%
Meurthe-et-Moselle
69%
Savoie
69%
Aisne
68%
Alpes-de-Haute-Provence
68%
Var
68%
Ardennes
67%
Gard
67%
Hautes-Alpes
67%
Haute-Savoie
67%
Meuse
66%
Moselle
66%
Territoire-de-Belfort
66%
Aude
65%
Eure-et-Loir
65%
Hérault
65%
Mayenne
65%
Pyrénées-Orientales
65%
Orne
64%
Rhône
64%
Ain
63%
Charente
63%
Côte-d'Or
63%
Eure
63%
Hautes-Pyrénées
63%
Indre
63%
Isère
63%
Loiret
63%
Vaucluse
63%
Vosges
63%
Ariège
62%
Dordogne
62%
Haute-Garonne
62%
Haute-Marne
62%
Marne
62%
Puy-de-Dôme
62%
Sarthe
62%
Aube
61%
Jura
61%
Allier
60%
Cantal
60%
Doubs
60%
Drôme
60%
Indre-et-Loire
60%
Loire
60%
Maine-et-Loire
60%
Nièvre
60%
Saône-et-Loire
60%
Yonne
60%
Cher
59%
Haute-Saône
59%
Creuse
58%
Haute-Loire
58%
Loir-et-Cher
58%
Lot
58%
Ardèche
57%
Aveyron
57%
Corrèze
57%
Haute-Vienne
56%
Lozère
56%
Vienne
56%
Deux-Sèvres
55%
Gers
55%
Tarn
53%
Tarn-et-Garonne
53%
Lot-et-Garonne
52%
Aucun quiz correspondant
Distribution des résultats
% des personnes avec chaque résultat
Percentile par nombre de réponses
Votre historique - résultats
Vous n’avez pas pris ce quiz depuis la dernière actualisation